| 000 | 02206cam a2200565 i 4500 | ||
|---|---|---|---|
| 999 |
_c8113 _d8113 |
||
| 001 | 20421315 | ||
| 003 | OSt | ||
| 005 | 20190918131124.0 | ||
| 008 | 171109s2018 ii 000 0 eng d | ||
| 010 | _a 2017353228 | ||
| 020 |
_a9789351482642 _q(HB) |
||
| 020 |
_a9351482642 _q(HB) |
||
| 020 |
_a9789351482659 _q(PB) |
||
| 020 | _a9351482650 | ||
| 025 | _aI-E-2017353228 ; 13-91 | ||
| 035 | _a(OCoLC)on1023529223 | ||
| 035 | _a(OCoLC)1023529223 | ||
| 037 | _bLibrary of Congress -- New Delhi Overseas Office | ||
| 040 |
_aDKAGE _beng _erda _cDKAGE _dOCLCO _dOCLCF _dDLC |
||
| 042 |
_alccopycat _alcode |
||
| 043 | _aa-ii--- | ||
| 050 | 0 | 0 |
_aBX7066.5.A4 _bV37 2018 |
| 082 | 0 | 4 |
_a287.94 _223 _bV328C |
| 100 | 1 |
_aVasanthakumar, S., _eauthor. |
|
| 245 | 1 | 4 |
_aThe church at the crossroads / _cS. Vasanthakumar. |
| 264 | 1 |
_aBangalore, Karnataka : _bChristian Institute for the Study of Religion and Society (CISRS) & Christian World Imprints, _c2018. |
|
| 300 |
_axxxi, 216 pages ; _c24 cm |
||
| 336 |
_atext _btxt _2rdacontent |
||
| 337 |
_aunmediated _bn _2rdamedia |
||
| 338 |
_avolume _bnc _2rdacarrier |
||
| 610 | 2 | 0 |
_aChurch of South India _xHistory. |
| 610 | 2 | 0 |
_aChurch of South India _xMissions. |
| 610 | 2 | 7 |
_aChurch of South India. _2fast _0(OCoLC)fst00576698 |
| 650 | 0 |
_aChurch and social problems _zIndia, South. |
|
| 650 | 0 |
_aChristianity and other religions _xHinduism. |
|
| 650 | 0 |
_aHinduism _xRelations _xChristianity. |
|
| 650 | 7 |
_aChristianity. _2fast _0(OCoLC)fst00859599 |
|
| 650 | 7 |
_aChurch and social problems. _2fast _0(OCoLC)fst00860491 |
|
| 650 | 7 |
_aHinduism. _2fast _0(OCoLC)fst00957121 |
|
| 650 | 7 |
_aInterfaith relations. _2fast _0(OCoLC)fst01353343 |
|
| 650 | 7 |
_aMissions. _2fast _0(OCoLC)fst01023771 |
|
| 651 | 0 |
_aIndia, South _xChurch history. |
|
| 651 | 7 |
_aIndia, South. _2fast _0(OCoLC)fst01692635 |
|
| 655 | 7 |
_aChurch history. _2fast _0(OCoLC)fst01411629 |
|
| 655 | 7 |
_aHistory. _2fast _0(OCoLC)fst01411628 |
|
| 710 | 2 |
_aChristian Institute for the Study of Religion and Society, Bangalore, _epublisher. |
|
| 906 |
_a7 _bcbc _ccopycat _d3 _encip _f20 _gy-gencatlg |
||
| 942 |
_2ddc _cBK |
||